| 000 | 00709nam a2200253Ia 4500 | ||
|---|---|---|---|
| 003 | OSt | ||
| 005 | 20220928102639.0 | ||
| 006 | a|||||r|||| 00| 0 | ||
| 007 | ta | ||
| 008 | 220927b |||||||| |||| 00| 0 hin d | ||
| 020 | _c250 | ||
| 024 | _a110187 | ||
| 037 |
_b201, 10/12/2010, Granthlok _cTextual |
||
| 040 |
_aSDCL _cSDCL _bhin |
||
| 041 |
_2hin _ahin |
||
| 082 | _aO152,3N62,1, Q0 | ||
| 100 |
_aZuoki Musharaf Alam _9399608 |
||
| 245 | 0 | _aNeelam ghar. | |
| 260 |
_aNew Delhi _bNaman Prakashan _c2010 |
||
| 300 |
_a172p. _ccm. |
||
| 650 |
_aHindi _9391598 |
||
| 942 |
_hO152,3N62,1, Q0 _cTEXL _2CC |
||
| 999 |
_c715469 _d715469 |
||